000
00204 a2200097 4500
001
18460
100
_a
Hanan E
245
_a
Our man in Damascus
260
_a
_b
Robert hale
_c
1971
090
_c
13698
_d
13698
942
_a
NUST-CAE
_c
M
_c
4111
999
_c
253533
_d
253533